Alegre soledad (Record no. 110452)

MARC details
000 -LEADER
campo de control de longitud fija 00596nam a2200181 4500
001 - NÚMERO DE CONTROL
campo de control 110452
003 - IDENTIFICADOR DE NÚMERO DE CONTROL
campo de control ES-MaACL
005 - FECHA Y HORA DE LA ÚLTIMA TRANSACCIÓN
campo de control 20251216172624.0
007 - CAMPO FIJO DE DESCRIPCIÓN FÍSICA--INFORMACIÓN GENERAL
campo de control de longitud fija t|
008 - DATOS DE LONGITUD FIJA--INFORMACIÓN GENERAL
campo de control de longitud fija 061121s1952 sp r ||||1| spa d
100 1# - ENTRADA PRINCIPAL--NOMBRE DE PERSONA
Nombre de persona Molina Moles, Andrés.
9 (RLIN) 81952
245 10 - MENCIÓN DEL TÍTULO
Título Alegre soledad
Resto del título : obra poética /
Mención de responsabilidad, etc. Andrés Molina Moles; prólogo de Francisco Montero Galvache.
260 ## - PUBLICACIÓN, DISTRIBUCIÓN, ETC.
Lugar de publicación, distribución, etc. Sevilla :
Nombre del editor, distribuidor, etc. [s. n.],
Fecha de publicación, distribución, etc. 1952 (
Fabricante Talls. Tip. Hijos Tomás lvarez)
300 ## - DESCRIPCIÓN FÍSICA
Extensión 78 p. ;
Dimensiones 22 cm.
700 0# - ENTRADA AGREGADA--NOMBRE PERSONAL
Nombre de persona Montero Galvache, Francisco
9 (RLIN) 82523
852 ## - LOCALIZACIÓN
Ubicación ES-MaACL
Número de control de estantería 1942-F-18
Sublocalización o colección R.32774
Holdings
Estatus retirado Estado de pérdida Estado de daño No para préstamo Colección Biblioteca de origen Biblioteca actual Ubicación en estantería Fecha de adquisición Fuente de adquisición Total de préstamos Signatura topográfica completa Código de barras Visto por última vez Precio de reemplazo Tipo de ítem Koha
        Colección de folletos Biblioteca del Ateneo de Madrid Biblioteca del Ateneo de Madrid Depósito folletos 17/01/2008     1942-F-18 1115239 23/02/2023 23/02/2023 Folleto